Acerca de la noción de dispositivo en la formación universitaria (Record no. 204263)

MARC details
000 -CABECERA
campo de control de longitud fija 01586nab a2200277 a 4500
005 - FECHA Y HORA DE LA ÚLTIMA TRANSACCIÓN
campo de control 20240530063813.0
008 - ELEMENTOS DE LONGITUD FIJA--INFORMACIÓN GENERAL
campo de control de longitud fija 991125c2019 ag ar p o 000 0 spa d
035 ## - NÚMERO DE CONTROL DEL SISTEMA
Número de control de sistema UPN01000232168
040 ## - FUENTE DE LA CATALOGACIÓN
Centro catalogador/agencia de origen MX-MxUPN
Lengua de catalogación spa
Centro/agencia transcriptor MX-MxUPN
Normas de descripción aacr2
049 ## - COLECCIÓN
Colección ART-E
100 1# - ASIENTO PRINCIPAL--NOMBRE PERSONAL
Nombre de persona Souto, Marta
Enlace - martasouto@fibertel.com.ar
245 10 - MENCIÓN DE TÍTULO
Título Acerca de la noción de dispositivo en la formación universitaria
Medio [recurso electrónico en línea]
506 0# - NOTA DE RESTRICCIONES AL ACCESO
Limitaciones de acceso Acceso abierto
520 3# - NOTA DE RESUMEN, ETC.
Sumario, etc. En este artículo la autora trabaja la noción de dispositivo en la docencia universitaria. La analiza desde tres perspectivas: epistemológica, didáctica y grupal. En la primera plantea, desde las teorías de la complejidad, el dispositivo en el plano de la acción, vinculado a la estrategia. En la segunda, esboza el dispositivo en sentido amplio, como construcción metodológica para la enseñanza universitaria. Por último, hace referencia al dispositivo grupal en sentido estricto y señala las características del mismo, enunciando en el campo de la formación de docentes universitarios distintos dispositivos posibles.
650 #4 - ASIENTO SECUNDARIO DE MATERIA - TERMINO TEMATICO
Término de materia o nombre geográfico como elemento de entrada Educación superior
9 (RLIN) 32
653 0# - TERMINO DE INDIZACION - NO CONTROLADO
Término no controlado Formación docente
653 0# - TERMINO DE INDIZACION - NO CONTROLADO
Término no controlado Dispositivo
653 0# - TERMINO DE INDIZACION - NO CONTROLADO
Término no controlado Didáctica
653 0# - TERMINO DE INDIZACION - NO CONTROLADO
Término no controlado Enfoque grupal
773 ## - ENLACE AL DOCUMENTO FUENTE/ENTRADA DE REGISTRO ANFITRIÓN
Parte(s) relacionada(s) No. 14 (2019), p. 1-16
Título Educación, lenguaje y sociedad
Número Internacional Normalizado para Publicaciones Seriadas 2545-7667
856 40 - LOCALIZACIÓN Y ACCESO ELECTRÓNICOS
Identificador Uniforme del Recurso <a href="https://cerac.unlpam.edu.ar/index.php/els/article/view/3856/3919">https://cerac.unlpam.edu.ar/index.php/els/article/view/3856/3919</a>
856 40 - LOCALIZACIÓN Y ACCESO ELECTRÓNICOS
Identificador Uniforme del Recurso <a href="http://dx.doi.org/10.19137/els-2019-161602">http://dx.doi.org/10.19137/els-2019-161602</a>
902 ## - ELEMENTOS DE DATOS B LOCAL, LDB (RLIN)
Creó GloriaJiménez/251022
Modificó GloriaJiménez/251022
905 ## - TIPO DE MATERIAL
Tipo de material Articulo
942 ## - ELEMENTOS DE PUNTO DE ACCESO ADICIONAL (KOHA)
Tipo de ítem Koha Artículo Electrónico
Holdings
Estado de retiro Estado de pérdida Estado dañado No para préstamo Código de colección Localización permanente Ubicación/localización actual Ubicación en estantería Fecha de adquisición Total de préstamos Fecha visto por última vez Identificador Uniforme del Recurso Precio válido a partir de Tipo de ítem Koha
        Acceso abierto Bib. Gregorio Torres Quintero Bib. Gregorio Torres Quintero En línea 25/11/2022   25/11/2022 http://dx.doi.org/10.19137/els-2019-161602 25/11/2022 Artículo Electrónico